El doctor Jekyll y el señor Hyde / (Record no. 147959)

MARC details
000 -LEADER
campo de control de longitud fija 00664nam a2200193 4500
001 - NÚMERO DE CONTROL
campo de control 147959
003 - IDENTIFICADOR DE NÚMERO DE CONTROL
campo de control ES-MaACL
005 - FECHA Y HORA DE LA ÚLTIMA TRANSACCIÓN
campo de control 20240516063057.0
007 - CAMPO FIJO DE DESCRIPCIÓN FÍSICA--INFORMACIÓN GENERAL
campo de control de longitud fija t|
008 - DATOS DE LONGITUD FIJA--INFORMACIÓN GENERAL
campo de control de longitud fija 070214s1959 sp r ||||1| spa d
100 0# - ENTRADA PRINCIPAL--NOMBRE DE PERSONA
Nombre de persona Stevenson, Robert Louis,
Fechas asociadas al nombre 1850-1894
9 (RLIN) 108169
245 13 - MENCIÓN DEL TÍTULO
Título El doctor Jekyll y el señor Hyde /
Mención de responsabilidad, etc. Robert Louis Stevenson ; traducción del inglés de B. Montuenga.
250 ## - MENCION DE EDICION
Mención de edición Ed. bilingüe, [1ª ed. de esta serie].
260 ## - PUBLICACIÓN, DISTRIBUCIÓN, ETC.
Lugar de publicación, distribución, etc. Madrid :
Nombre del editor, distribuidor, etc. Alhambra,
Fecha de publicación, distribución, etc. [1959] (
Fabricante Nuevas Gráficas)
300 ## - DESCRIPCIÓN FÍSICA
Extensión 116 p. ;
Dimensiones 18 cm.
700 1# - ENTRADA AGREGADA--NOMBRE PERSONAL
Nombre de persona Montuenga, Benito.
9 (RLIN) 174105
852 ## - LOCALIZACIÓN
Ubicación ES-MaACL
Número de control de estantería C-18075
Sublocalización o colección R.43986
Holdings
Estatus retirado Estado de pérdida Estado de daño No para préstamo Biblioteca de origen Biblioteca actual Ubicación en estantería Fecha de adquisición Fuente de adquisición Total de préstamos Signatura topográfica completa Código de barras Visto por última vez Fecha del último préstamo Precio de reemplazo Tipo de ítem Koha
        Biblioteca del Ateneo de Madrid Biblioteca del Ateneo de Madrid Galería 17/01/2008   1 C-18075 1154412 15/04/2026 20/03/2026 23/02/2023 Libro impreso